书目信息 |
| 题名: |
初等几何复习与研究
|
|
| 作者: | ;上海市中学教师进修教材编写组 著 | |
| 分册: | 上册 | |
| 出版信息: | 大同 山西省青年广播函授学校 1979 |
|
| 页数: | 292页 | |
| 开本: | 25cm | |
| 丛书名: | ||
| 单 册: | ||
| 中图分类: | O123.1 | |
| 科图分类: | ||
| 主题词: | 初等数学 , 初等几何--高等师范教育--教材 | |
| 电子资源: | ||
| ISBN: | ||
| 000 | 00890nam0 2200241 45 | |
| 001 | 0181009958 | |
| 005 | 20061120085620.93 | |
| 010 | @dCNY1.60 | |
| 100 | @a19950525d1979 demy0chiy0121 ea | |
| 101 | 0 | @achi |
| 105 | @ay z 000yy | |
| 200 | 10 | @a初等几何复习与研究@Achu deng ji he fu xi yu yan jiu@e平面部分@EPing Mian Bu Fen@h上册@f上海市中学教师进修教材编写组著@Fshang hai shi zhong xue jiao shi jin xiu jiao cai bian xie zu zhu |
| 210 | @a大同@c山西省青年广播函授学校@d1979 | |
| 215 | @a292页@d25cm | |
| 300 | @a上海市中学教师进修教材 | |
| 517 | @a平面部分@APing Mian Bu Fen | |
| 606 | 0 | @a初等数学 |
| 606 | @a初等几何@x高等师范教育@x教材 | |
| 690 | @aO123.1@v3 | |
| 711 | 02 | @a上海市中学教师进修教材编写组@Ashang hai shi zhong xue jiao shi jin xiu jiao cai bian xie zu@4著 |
| 801 | 2 | @aCN@bNLC@c20061120 |
| 801 | 0 | @aCN@b上海图书馆@c20060819 |
| 905 | @dO123.1@e33:1@f1@b30355 | |
| 初等几何复习与研究:平面部分.上册/上海市中学教师进修教材编写组著.-大同:山西省青年广播函授学校,1979 |
| 292页;25cm |
| 上海市中学教师进修教材 |
| ISBN :CNY1.60 |
| ● |
| 相关链接 |
|
|
|
|
正题名:初等几何复习与研究
索取号:O123.1/33:1
 
预约/预借
| 序号 | 登录号 | 条形码 | 馆藏地/架位号 | 状态 | 备注 |
| 1 | 0158402 | 202097131 | 第二样本阅览室/ [索取号:O123.1/33:1] | 在馆 |